Hollywood Remakes Quiz Stats

 Plays Quiz Updated May 20, 2017

Score 0/16 Timer 07:00
0 Plays Today
Original Remake % Correct
RinguThe Ring
72.9%
La Cage aux FollesThe Birdcage
49.8%
Seven SamuraiThe Magnificent Seven
39.5%
Infernal AffairsThe Departed
37.2%
Open Your Eyes (Abre los ojos)Vanilla Sky
27.1%
Cousin, CousineCousins
12.8%
NikitaPoint of No Return
11.5%
La Femme InfidèleUnfaithful
10.9%
Original Remake % Correct
YojimboLast Man Standing
10.7%
La JetéeTwelve Monkeys
10.4%
Wings of Desire City of Angels
10.3%
Profumo Di DonnaScent of a Woman
9.8%
Le Retour de Martin GuerreSommersby
5.1%
Il MareThe Lake House
3.1%
Boudu Sauvé des EauxDown and Out in Beverly Hills
2.7%
La Totale True Lies
2.6%

You're not logged in!

Compare scores with friends on all Sporcle quizzes.
OR
Log In

Sporcle TV

Today on Sporcle TV


Watch our educational content, quiz creation guides, and fun videos on Sporcle TV.

Show Comments

Extras

Top Quizzes Today


Score Distribution

Your Account Isn't Verified!

In order to create a playlist on Sporcle, you need to verify the email address you used during registration. Go to your Sporcle Settings to finish the process.

Report this User

Report this user for behavior that violates our Community Guidelines.

Details: